书目信息 |
| 题名: |
构图
|
|
| 作者: | 陈洁滋 编著 | |
| 分册: | ||
| 出版信息: | 上海 上海人民美术出版社 2001 |
|
| 页数: | 92页 | |
| 开本: | 21cm | |
| 丛书名: | 新概念摄影 | |
| 单 册: | ||
| 中图分类: | J406 | |
| 科图分类: | ||
| 主题词: | 摄影艺术--艺术理论 , 摄影构图--研究 | |
| 电子资源: | ||
| ISBN: | 7-5322-2559-3 | |
| 000 | 00614nam0 2200229 45 | |
| 001 | 0304141454 | |
| 005 | 20031219104109.2 | |
| 010 | @a7-5322-2559-3@dCNY16.00 | |
| 100 | @a20030414d2001 km y0chiy0120 ea | |
| 101 | 0 | @achi |
| 105 | @a z 000yy | |
| 200 | 1 | @a构图@AGou Tu@f陈洁滋编著@FChen Jie Zi Bian Zhu |
| 210 | @a上海@c上海人民美术出版社@d2001 | |
| 215 | @a92页@d21cm | |
| 225 | @a新概念摄影 | |
| 410 | @12001 @a新概念摄影 | |
| 606 | 0 | @a摄影艺术@x艺术理论 |
| 606 | 0 | @a摄影构图@x研究 |
| 690 | @aJ406@v4 | |
| 701 | 0 | @a陈洁滋@4编著 |
| 801 | @aCN@bTSTC@c20030414 | |
| 905 | @b322563-565@dJ406@e142@f3 | |
| 构图/陈洁滋编著.-上海:上海人民美术出版社,2001 |
| 92页;21cm.-(新概念摄影) |
| ISBN 7-5322-2559-3:CNY16.00 |
| ● |
| 相关链接 |
|
|
|
|
正题名:构图
索取号:J406/142
 
预约/预借
| 序号 | 登录号 | 条形码 | 馆藏地/架位号 | 状态 | 备注 |
| 1 | 0322563 | 203225633 | 第一借阅区/ [索取号:J406/142] | 在馆 | |
| 2 | 0322564 | 203225642 | 第一借阅区/ [索取号:J406/142] | 在馆 | |
| 3 | 0322565 | 203225651 | 第一样本阅览室/ [索取号:J406/142] | 在馆 |